| 000 | 00875nam a2200241 a 4500 | ||
|---|---|---|---|
| 005 | 20241211063735.0 | ||
| 008 | 100120s2007 ag r 000 0 spa d | ||
| 020 | _a9789872326876 | ||
| 035 | _aUPN01000174325 | ||
| 049 | _aCG | ||
| 050 | 4 |
_aLC1063 _bA3.2 |
|
| 100 | 1 | _aAbdala, Carolina | |
| 245 | 1 | 0 |
_aCurriculum y enseñanza : _bclaroscuros de la formación universitaria / _cCarolina Abdala. |
| 260 |
_aCórdoba, Arg. : _bUniversidad Nacional de Catamarca, Facultad de Humanidades, _bEncuentro, _c2007. |
||
| 300 |
_a229 p. : _bcuadros |
||
| 440 | 0 |
_aGénesis ; _v2 |
|
| 650 | 4 |
_aEDUCACION PROFESIONAL - _zARGENTINA _914626 |
|
| 650 | 4 |
_aPLANIFICACION CURRICULAR - _zARGENTINA _914697 |
|
| 650 | 4 |
_aEnseñanza universitaria _913570 |
|
| 650 | 4 |
_aMAESTROS - _xFORMACION PROFESIONAL - _zARGENTINA _9766 |
|
| 650 | 4 |
_aEducación superior _zArgentina _96845 |
|
| 905 | _aLibro | ||
| 999 |
_c146429 _d146429 |
||